000 ncm a22 a 4500
999 _c353539
_d353539
003 BLK
005 20200410165020.0
008 180414b bul |a|er|||| |0| c|bulo|
010 _aNOT00002565000
040 _aBLK
041 _aRUS
_cRUS
080 _aКларинет. Етюди, гами, учебна литература
_b788.6.087.5
_x788.6.087.5
100 _9404560
_aКлозе, Гиацинт Элеонор
_eпърви автор
139 _aКлозе, Гиацинт Элеонор
_bК 66
245 1 0 _aПятнадцать этюдов
_cГиацинт Элеонор Клозе
_bдля кларнета
254 _aКлавир
257 _aRUS
260 _bМузыка
_c1986
_aМосква
300 _a30 с.
_c29 см
380 _a7
650 0 _aКларинет - етюди, гами
_9353811
653 7 _aетюди
_9186510
852 _aЦб М ІІ 10356
856 4 _qpdf
_u
856 4 _qpdf
_u
942 _cNOT
_n0
_s1
944 _aCR
_c2020-04-10
_kРенета Константинова
999 _d353532